| 000 | 01087nam a2200289Ia 4500 | ||
|---|---|---|---|
| 003 | OSt | ||
| 005 | 20220916110915.0 | ||
| 006 | a|||||r|||| 00| 0 | ||
| 007 | ta | ||
| 008 | 220915b |||||||| |||| 00| 0 hin d | ||
| 020 | _a9788189859268 (hbk) | ||
| 024 | _a759 | ||
| 037 | _b405, 23/03/2009, Swaraj Prakashan | ||
| 037 | _cTextbook | ||
| 040 |
_bhin _aARTS _cARTS |
||
| 041 | _ahin | ||
| 082 | _aO157,3M76,43, 152P7 | ||
| 100 | _aचट्टोपाध्याय, शरत्चन्द्र; शर्मा, | ||
| 245 | 0 | _aनया विधान | |
| 246 | _aNayā vidhāna | ||
| 260 |
_aनयी _bदिल्ली किताबघर प्रकाशन भारत _c2007 |
||
| 300 |
_a60पृ0 _ccm. |
||
| 650 | _acaxkyh lkfgR; | ||
| 700 | _aओमप्रकाश, संपा. | ||
| 942 |
_hO157,3M76,43, 152P7 _cTB _2CC |
||
| 999 |
_c101006 _d101006 |
||